Tilastot visalle Pikselöity Yhdysvaltain kartta

Klikkaa tästä pelataksesi tätä visaa!

Yleistilastot

  • Tätä visaa on pelattu 1 707 kertaa
    (1 706 viimeisimmän päivityksen jälkeen)
  • Keskiarvotulos 217 / 332

Vastaukset kartalla

Vastauksille on annettu kartalla punavihreä väri sen mukaan, kuinka moni on saanut sen oikein.
Ladataan ...
 

Vastaustilastot

Osavaltio% Oikein
Texas
92%
Florida
90%
Kalifornia
90%
Alaska
88%
Washington
88%
New York
87%
Nevada
72%
Arizona
68%
New Mexico
67%
Alabama
66%
Minnesota
66%
Utah
66%
Mississippi
65%
Etelä-Dakota
64%
Pohjois-Dakota
64%
Maine
63%
Havaiji
62%
Ohio
62%
Michigan
61%
Kansas
60%
Oregon
60%
Colorado
58%
Etelä-Carolina
57%
Georgia
57%
Pohjois-Carolina
57%
Arkansas
56%
Montana
56%
Virginia
55%
Idaho
54%
Illinois
54%
Tennessee
54%
Oklahoma
51%
Wyoming
51%
Louisiana
50%
Iowa
48%
Missouri
48%
Indiana
47%
Kentucky
46%
Nebraska
46%
Pennsylvania
46%
Wisconsin
45%
Länsi-Virginia
41%
Maryland
40%
Vermont
38%
Massachusetts
36%
Connecticut
32%

Tulosjakauma

Persentiili vastausten määrän mukaan

Jokaisen tuloksen saaneiden osuus

Tuloshistoriasi

Et ole pelannut tätä visaa sen viimeisimmän päivityksen jälkeen